The terrestrial biosphere : environmental change, ecosystem science, attitudes and values

Bibliographic Details
Main Author: Trudgill, S. T. [ (Stephen Thomas), , 1947-
Format: Book
Published: Harlow : : Prentice Hall, , 2001.
Series:Understanding global environmental change
Subjects:

MARC

LEADER 00000cam a2200000 7i4500
001 0000003294
005 20050822.0
020 0 0 |a 0582303478 (pbk.) 
090 0 0 |a 577   |b TRU 
100 1 0 |a Trudgill, S. T. [  |q (Stephen Thomas), ,   |d 1947- 
245 1 4 |a The terrestrial biosphere :   |b environmental change, ecosystem science, attitudes and values   |c Steve Trudgill. 
260 0 0 |a Harlow : :   |b Prentice Hall, ,   |c 2001. 
300 |a xx, 299 p. : :   |b ill. ; ;   |c 23 cm. 
440 0 0 |a Understanding global environmental change 
650 0 0 |a Biosphere. 
650 0 0 |a Ecosystem management. 
650 0 0 |a Environmental monitoring. 
650 0 0 |a Global environmental change 
650 0 0 |a Global environmental change   |x Social aspects. 
650 0 0 |a Nature   |x Effect of human beings on. 
999 |a 0000006249   |b Monograph   |c Open Shelf   |e Default branch